| 000 | 01070nam a22002537a 4500 | ||
|---|---|---|---|
| 005 | 20170124103126.0 | ||
| 010 | _aA-973212 | ||
| 020 |
_c00.00 _a8170556449 |
||
| 035 | _aA-973212 | ||
| 037 | _bCen Lib/Ret | ||
| 040 |
_aDPL _bHN |
||
| 082 |
_a305.231 _bबच्चेऔ |
||
| 245 |
_aबच्चे और हम / _cसंपादक राजकिशोर |
||
| 246 |
_aBachche aur ham / _bsampadak Rajkishore |
||
| 260 |
_bवाणी प्रकाशन _aनई दिल्ली _c1999 |
||
| 270 |
_bनई दिल्ली _a21-ए, दरियागंज _e110002 |
||
| 300 |
_a151पृ. _c20सेमी(सजिल्द) |
||
| 650 |
_aहिन्दी कहानियाँ _9102976 |
||
| 650 |
_aबच्चों का व्यव्हार -- माता पिता के प्रति _983289 |
||
| 650 |
_aHindi Stories _9102977 |
||
| 650 |
_aChildren's behavior - towards parents _983291 |
||
| 700 |
_aराजकिशोर _9102978 |
||
| 942 |
_2ddc _cHN _h305.231 _mबच्चेऔ |
||
| 999 |
_c119086 _d119086 |
||